Polskie miasta o największej liczbie unikalnych liter - Statystyki

Ogólne statystyki
  • Ten quiz został rozwiązany 47 razy
  • Średni wynik to 4 z 13
Statystyki odpowiedzi
Unikalnych liter Miasto % Poprawnych
14 Nowe Miasto nad Pilicą
64%
14 Nowy Dwór Mazowiecki
53%
15 Piotrków Trybunalski
53%
14 Tomaszów Lubelski
42%
14 Czerwińsk nad Wisłą
25%
15 Międzyrzec Podlaski
25%
14 Dobrzyń nad Wisłą
19%
14 Jabłonowo Pomorskie
19%
14 Sędziszów Małopolski
19%
14 Sępólno Krajeńskie
19%
14 Nowogród Bobrzański
14%
14 Radzyń Chełmiński
14%
14 Nowe Skalmierzyce
8%
Nie znaleziono quizów pasujących do podanych kryteriów
Rozkład punktacji
Procent ludzi z każdym wynikiem
Percentyl według liczby udzielonych odpowiedzi
Twoja historia wyników
Nie rozwiązałeś tego quizu